000 00332pab a2200133 454500
008 180718b xxu||||| |||| 00| 0 eng d
100 _aBhandari, J.S.
245 _aForests and tribes: a macro level perspective
650 _a Tribes
650 _aForests
700 _aChanna, Subhadra Mitra
773 _aMainstream
909 _a22184
999 _c22184
_d22184